[Event "Wijk aan Zee NED"]
[Site "Wijk aan Zee NED"]
[Date "1994.??.??"]
[Round "9"]
[White "Piket, Jeroen"]
[Black "Morovic Fernandez, Ivan E"]
[Result "1/2-1/2"]
[WhiteElo "2605"]
[BlackElo "2605"]
[PlyCount "56"]
[EventDate "1994.??.??"]
[Source "www.chesslib.no"]
[SourceDate "2004.05.04"]

1. d4 Nf6 2. c4 e6 3. Nf3 d5 4. Nc3 Be7 5. Bg5 O-O 6. e3 Nbd7 7. Qc2 c5 8. cxd5 Nxd5 9. Bxe7 Qxe7 10. Nxd5 exd5 11. Bd3 g6 12. dxc5 Nxc5 13. O-O Bg4 14. Nd4 Rfc8 15. Rfc1 Bd7 16. Qd2 Ne6 17. Be2 Qf6 18. Nf3 Bc6 19. Kh1 d4 20. Bd3 Rd8 21. a3 Rd7 22. Bc4 Rad8 23. Qb4 Nf4 24. Be6 Rd6 25. Bd5 Re8 26. Rd1 Red8 27. Nxd4 Nh3 28. Qb6 Qe6 1/2-1/2

[Event "Wijk aan Zee NED"]
[Site "Wijk aan Zee NED"]
[Date "1994.??.??"]
[Round "9"]
[White "Piket, Jeroen"]
[Black "Morovic Fernandez, Ivan E"]
[Result "1/2-1/2"]
[WhiteElo "2605"]
[BlackElo "2605"]
[PlyCount "56"]
[EventDate "1994.??.??"]
[Source "www.chesslib.no"]
[SourceDate "2004.05.04"]

1. d4 Nf6 2. c4 e6 3. Nf3 d5 4. Nc3 Be7 5. Bg5 O-O 6. e3 Nbd7 7. Qc2 c5 8. cxd5 Nxd5 9. Bxe7 Qxe7 10. Nxd5 exd5 11. Bd3 g6 12. dxc5 Nxc5 13. O-O Bg4 14. Nd4 Rfc8 15. Rfc1 Bd7 16. Qd2 Ne6 17. Be2 Qf6 18. Nf3 Bc6 19. Kh1 d4 20. Bd3 Rd8 21. a3 Rd7 22. Bc4 Rad8 23. Qb4 Nf4 24. Bb5 Rc8 25. e4 Nd3 26. Bxd3 Rdc7 27. Nd2 Qg7 28. Qb6 Kf8 1/2-1/2

[Event "Wijk aan Zee"]
[Site "?"]
[Date "1994.??.??"]
[Round "9"]
[White "Piket, Jeroen"]
[Black "Morovic Fernandez, Ivan E"]
[Result "1/2-1/2"]
[WhiteElo "2605"]
[BlackElo "2605"]
[PlyCount "57"]
[EventDate "1994.??.??"]
[Source "www.chesslib.no"]
[SourceDate "2004.05.04"]

1. d4 Nf6 2. c4 e6 3. Nf3 d5 4. Nc3 Be7 5. Bg5 O-O 6. e3 Nbd7 7. Qc2 c5 8. cxd5 Nxd5 9. Bxe7 Qxe7 10. Nxd5 exd5 11. Bd3 g6 12. dxc5 Nxc5 13. O-O Bg4 14. Nd4 Rfe8 15. Rfc1 Bd7 16. Qd2 Ne6 17. Be2 Qf6 18. Nf3 Bc6 19. Rc3 d4 20. exd4 Rad8 21. Rd1 Rd6 22. Bc4 Red8 23. Qc1 Nxd4 24. Nxd4 Rxd4 25. Rxd4 Rxd4 26. Rd3 Re4 27. f3 Re8 28. Qc3 Qxc3 29. Rxc3 1/2-1/2

[Event "FRG-ch International"]
[Site "Munich"]
[Date "1979.??.??"]
[Round "?"]
[White "Huebner, Robert"]
[Black "Balashov, Yuri S"]
[Result "1/2-1/2"]
[WhiteElo "2595"]
[BlackElo "2600"]
[PlyCount "104"]
[EventDate "1979.02.??"]
[Source "ChessBase"]

1. c4 Nf6 2. Nc3 e6 3. Nf3 d5 4. d4 Be7 5. Bg5 O-O 6. e3 Nbd7 7. Qc2 c5 8. cxd5 Nxd5 9. Bxe7 Qxe7 10. Nxd5 exd5 11. Bd3 g6 12. dxc5 Nxc5 13. Rc1 Nxd3+ 14. Qxd3 Bf5 15. Qd1 Rac8 16. O-O Rxc1 17. Qxc1 Rc8 18. Qa1 Qb4 19. Nd4 Bd7 20. h3 a5 21. Rd1 b6 22. Rd3 Rc4 23. b3 Rc8 24. Qb2 Qd6 25. Rd1 Qe5 26. Qe2 Rc5 27. Qd2 Qc7 28. b4 axb4 29. Qxb4 Rc1 30. Rxc1 Qxc1+ 31. Kh2 Qc7+ 32. f4 Qc5 33. a3 f6 34. Kg3 Kf7 35. Kf3 h5 36. Ke2 Ke7 37. h4 Qxb4 38. axb4 Kd6 39. Kd3 Be8 40. Kc3 Bd7 41. Ne2 Bb5 42. Ng3 Bd7 43. Kd4 Bg4 44. e4 dxe4 45. Nxe4+ Ke6 46. Nc3 Kf5 47. Nd5 Be2 48. Ke3 Bb5 49. g3 g5 50. fxg5 fxg5 51. hxg5 Kxg5 52. Nxb6 Kg4 1/2-1/2

[Event "TCh-BEL 2007-8"]
[Site "Belgium BEL"]
[Date "2008.03.06"]
[Round "11"]
[White "Fridman, D2."]
[Black "Kveinys, A."]
[Result "1/2-1/2"]
[WhiteElo "2627"]
[BlackElo "2521"]
[PlyCount "89"]
[EventDate "2008.01.06"]
[Source "www.chesslib.no"]
[SourceDate "2004.05.04"]

1. d4 Nf6 2. c4 e6 3. Nf3 d5 4. Nc3 Nbd7 5. Bg5 Be7 6. e3 O-O 7. Qc2 c5 8. cxd5 Nxd5 9. Bxe7 Qxe7 10. Nxd5 exd5 11. Bd3 g6 12. dxc5 Nxc5 13. O-O Bg4 14. Nd4 Rfc8 15. Rac1 Bd7 16. Qd2 Ne6 17. Be2 Rxc1 18. Rxc1 a6 19. Nxe6 Bxe6 20. Qd4 Qd8 21. h4 h5 22. Bf3 Rc8 23. Rxc8 Qxc8 24. g3 Qc6 25. Kg2 a5 26. a3 b6 27. b4 axb4 28. axb4 Kf8 29. Qe5 Ke7 30. Qd4 Qd6 31. Bd1 Qc6 32. Bb3 Qd6 33. Ba4 Bd7 34. Bc2 Qf6 35. Bb3 Qxd4 36. exd4 Be6 37. Kf3 f5 38. Kf4 Kf6 39. Ba4 Bf7 40. Bd7 Bg8 41. Be8 Be6 42. Ke3 Bc8 43. Bb5 Be6 44. Kd2 Bf7 45. Ke3 1/2-1/2

[Event "Leeuwarden Open"]
[Site "Leeuwarden NED"]
[Date "1995.??.??"]
[Round "9"]
[White "Kharitonov, Andrei Y"]
[Black "Komarov, Dimitri"]
[Result "1/2-1/2"]
[WhiteElo "2550"]
[BlackElo "2575"]
[PlyCount "34"]
[EventDate "1995.08.??"]
[Source "www.chesslib.no"]
[SourceDate "2004.05.04"]

1. d4 Nf6 2. Nf3 e6 3. c4 d5 4. Nc3 Be7 5. Bg5 O-O 6. e3 Nbd7 7. Qc2 c5 8. cxd5 cxd4 9. Nxd4 Nxd5 10. Bxe7 Nxe7 11. Be2 Nf6 12. O-O Bd7 13. Rfd1 Qb6 14. Qb3 Qxb3 15. Nxb3 Rfd8 16. Nd4 Nc6 17. Nxc6 Bxc6 1/2-1/2

[Event "Momotov mem"]
[Site "Enakievo"]
[Date "1997.??.??"]
[Round "?"]
[White "Savchenko, Stanislav"]
[Black "Moroz, Alexander"]
[Result "1/2-1/2"]
[WhiteElo "2575"]
[BlackElo "2515"]
[PlyCount "120"]
[EventDate "1997.??.??"]
[Source "www.chesslib.no"]
[SourceDate "2004.05.04"]

1. Nf3 d5 2. d4 Nf6 3. c4 e6 4. Nc3 Be7 5. Bg5 O-O 6. e3 Nbd7 7. Qc2 c5 8. cxd5 Nxd5 9. Bxe7 Qxe7 10. Nxd5 exd5 11. Bd3 g6 12. dxc5 Nxc5 13. O-O Bg4 14. Nd4 Rac8 15. Rac1 Qg5 16. Be2 Ne4 17. Qd3 Bxe2 18. Qxe2 a6 19. Rc2 Nd6 20. Rfc1 Rc4 21. b3 Rxc2 22. Rxc2 Rc8 23. Rxc8+ Nxc8 24. Qc2 Qd8 25. Qc5 Ne7 26. h3 h5 27. g4 hxg4 28. hxg4 b6 29. Qc3 Qd7 30. f3 Qd6 31. Kg2 Qc5 32. Ne2 Qxc3 33. Nxc3 Kf8 34. Kg3 f6 35. Na4 Nc8 36. g5 Kf7 37. Kf4 Ke6 38. gxf6 Kxf6 39. Kg4 a5 40. f4 Ke6 41. Kg5 Ne7 42. Nxb6 Nf5 43. Kxg6 Nxe3 44. Na4 d4 45. Nb2 Nf5 46. Nd3 Nd6 47. b4 axb4 48. Nxb4 Ne4 49. f5+ Kd6 50. Nd3 Kd5 51. Nb2 Kc5 52. a3 Kb5 53. Kh7 Nd6 54. f6 Ne4 55. f7 Ng5+ 56. Kg6 Nxf7 57. Kxf7 d3 58. Ke6 d2 59. Kd5 d1=Q+ 60. Nxd1 Ka4 1/2-1/2

[Event "5th IECC"]
[Site "Antalya"]
[Date "2004.05.17"]
[Round "3"]
[White "Kempinski, Robert"]
[Black "Radulski, Julian"]
[Result "1/2-1/2"]
[WhiteElo "2586"]
[BlackElo "2497"]
[PlyCount "118"]
[EventDate "2004.05.15"]
[Source "Roberto Alvarez"]
[SourceDate "2004.05.31"]

1. d4 d5 2. c4 e6 3. Nc3 Nf6 4. Nf3 Nbd7 5. Bg5 Be7 6. e3 O-O 7. Qc2 c5 8. cxd5 Nxd5 9. Bxe7 Qxe7 10. Nxd5 exd5 11. Bd3 g6 12. dxc5 Nxc5 13. Rc1 Nxd3+ 14. Qxd3 Qb4+ 15. Qc3 Qb5 16. Qa3 a5 17. Nd4 Qa6 18. Qa4 Be6 19. Qb5 Qxb5 20. Nxb5 d4 21. Nxd4 Bxa2 22. Kd2 Bd5 23. f3 Rfd8 24. Rc5 b6 25. Rb5 Rd6 26. Rc1 Kf8 27. Ke1 h5 28. h4 Re8 29. Kf2 Bb7 30. Rb3 Rc8 31. Rbc3 Rxc3 32. Rxc3 Ke7 33. g4 hxg4 34. fxg4 Kf6 35. Rc7 Bd5 36. g5+ Ke5 37. Re7+ Be6 38. Kf3 a4 39. Nxe6 fxe6 40. Ra7 b5 41. Rb7 Rd5 42. Rb6 Rc5 43. e4 a3 44. bxa3 Rc3+ 45. Kg4 Rxa3 46. h5 gxh5+ 47. Kxh5 Kxe4 48. Rxb5 e5 49. Rb1 Rg3 50. g6 Kf5 51. Rf1+ Ke6 52. Kh6 e4 53. g7 Ke5 54. Rf8 e3 55. g8=Q Rxg8 56. Rxg8 Kf4 57. Rf8+ Kg3 58. Re8 Kf2 59. Rxe3 Kxe3 1/2-1/2

[Event "7th BayEM"]
[Site "Bad Wiessee"]
[Date "2003.11.12"]
[Round "5"]
[White "Gavrikov, Viktor"]
[Black "Doettling, Fabian"]
[Result "1/2-1/2"]
[WhiteElo "2560"]
[BlackElo "2519"]
[PlyCount "39"]
[EventDate "2003.11.08"]
[Source "Roberto Alvarez"]
[SourceDate "2003.11.17"]

1. c4 e6 2. Nc3 d5 3. d4 Be7 4. Nf3 Nf6 5. Bg5 O-O 6. e3 Nbd7 7. Qc2 c5 8. cxd5 Nxd5 9. Bxe7 Nxe7 10. O-O-O cxd4 11. Nxd4 Qa5 12. Nb3 Qb6 13. Be2 Nf6 14. Na4 Qc6 15. Qxc6 Nxc6 16. Nac5 Ne5 17. Rd4 b6 18. Ne4 Nxe4 19. Rxe4 Nd7 20. Rd1 1/2-1/2

[Event "ESP Team Ch"]
[Site "ESP"]
[Date "1993.??.??"]
[Round "?"]
[White "Cramling, Pia"]
[Black "Campora, Daniel H"]
[Result "1/2-1/2"]
[WhiteElo "2525"]
[BlackElo "2550"]
[PlyCount "129"]
[EventDate "1993.??.??"]
[Source "www.chesslib.no"]
[SourceDate "2004.05.04"]

1. d4 d5 2. Nf3 Nf6 3. c4 e6 4. Nc3 Be7 5. Bg5 O-O 6. e3 Nbd7 7. Qc2 c5 8. cxd5 cxd4 9. Nxd4 Nxd5 10. Bxe7 Nxe7 11. Be2 Nf6 12. Bf3 e5 13. Ndb5 Bf5 14. Qb3 Qb6 15. O-O a6 16. Nd4 Qxb3 17. Nxb3 Bd3 18. Rfd1 e4 19. Be2 Bc2 20. Rd6 Bxb3 21. axb3 Rfd8 22. Rad1 Nc6 23. g4 h6 24. h4 Rxd6 25. Rxd6 Re8 26. g5 hxg5 27. hxg5 Nh7 28. g6 Ng5 29. Bc4 Kf8 30. gxf7 Re7 31. Kg2 Nxf7 32. Bxf7 Kxf7 33. Kg3 Na5 34. b4 Nc4 35. Rd4 Nxb2 36. Nxe4 b6 37. Kf4 a5 38. bxa5 bxa5 39. Rd2 Nc4 40. Rd4 Nb2 41. Rd2 Nc4 42. Rd4 Rc7 43. Rd8 Ra7 44. Rd4 Nb6 45. Rd6 Nd7 46. Nc3 Ke7 47. Rg6 Kf7 48. Rd6 a4 49. Nb5 Rb7 50. Nd4 Nb6 51. Nc2 Ke7 52. Rg6 Kf7 53. Rc6 Nd7 54. Ra6 Rb2 55. Ra7 Ke8 56. Na3 Nc5 57. Ra5 Rxf2+ 58. Ke5 Nd7+ 59. Kd4 Rd2+ 60. Kc3 Re2 61. Nc4 Ra2 62. Nd6+ Ke7 63. Nf5+ Kf6 64. Nxg7 Kxg7 65. Ra7 1/2-1/2

[Event "ESP Team Ch"]
[Site "Cala Galdana ESP"]
[Date "1994.??.??"]
[Round "?"]
[White "Cramling, Pia"]
[Black "Campora, Daniel H"]
[Result "1/2-1/2"]
[WhiteElo "2515"]
[BlackElo "2535"]
[PlyCount "83"]
[EventDate "1994.??.??"]
[Source "www.chesslib.no"]
[SourceDate "2004.05.04"]

1. d4 d5 2. c4 e6 3. Nc3 Nf6 4. Bg5 Be7 5. Nf3 O-O 6. e3 Nbd7 7. Qc2 c5 8. cxd5 Nxd5 9. Bxe7 Qxe7 10. Nxd5 exd5 11. Bd3 g6 12. dxc5 Nxc5 13. Rc1 Nxd3+ 14. Qxd3 Bf5 15. Qd4 Be4 16. O-O Bxf3 17. gxf3 Qg5+ 18. Kh1 Qf5 19. Kg2 Qg5+ 20. Qg4 Qf6 21. Rc3 Rae8 22. Rd1 Re5 23. f4 Rf5 24. Rd4 Kh8 25. Rcd3 Rd8 26. Qf3 g5 27. Rxd5 Rg8 28. Rxf5 Qxf5 29. Qd5 gxf4+ 30. Kf1 Qh3+ 31. Ke2 f6 32. exf4 Re8+ 33. Re3 Rxe3+ 34. fxe3 Qxh2+ 35. Kd3 Qxb2 36. Qf7 Qb1+ 37. Kd2 Qb2+ 38. Kd3 Qb1+ 39. Ke2 Qc2+ 40. Kf3 Qd1+ 41. Ke4 Qc2+ 42. Kf3 1/2-1/2

[Event "POL Supercup"]
[Site "Warsaw"]
[Date "2002.06.29"]
[Round "1"]
[White "Krasenkow, Michal"]
[Black "Stempin, Pawel"]
[Result "1/2-1/2"]
[WhiteElo "2641"]
[BlackElo "2405"]
[PlyCount "59"]
[EventDate "2002.06.29"]
[Source "ChessBase"]
[SourceDate "2002.09.20"]

1. d4 e6 2. c4 Nf6 3. Nf3 d5 4. Nc3 Nbd7 5. Bg5 Be7 6. e3 O-O 7. Qc2 c5 8. cxd5 Nxd5 9. Bxe7 Qxe7 10. Nxd5 exd5 11. Bd3 g6 12. dxc5 Nxc5 13. Rc1 Ne4 14. O-O Bg4 15. Qc7 Qxc7 16. Rxc7 Bxf3 17. gxf3 Nd2 18. Rd1 Nxf3+ 19. Kg2 Ne5 20. Bb1 Rfd8 21. Rxb7 Rab8 22. Rxd5 Rxd5 23. Rxb8+ Kg7 24. Rb7 Rd2 25. Kg3 h5 26. a4 h4+ 27. Kxh4 Rxf2 28. Kg3 Rf3+ 29. Kg2 Rxe3 30. Rxa7 1/2-1/2

[Event "Benasque"]
[Site "?"]
[Date "1997.??.??"]
[Round "?"]
[White "Kuzmin, A."]
[Black "Ubilava, E."]
[Result "1-0"]
[WhiteElo "2525"]
[BlackElo "2520"]
[PlyCount "125"]
[EventDate "1997.??.??"]
[Source "ChessBase"]
[SourceDate "1997.06.01"]

1. d4 d5 2. c4 e6 3. Nc3 Be7 4. Nf3 Nf6 5. Bg5 O-O 6. e3 Nbd7 7. Qc2 c5 8. cxd5 Nxd5 9. Bxe7 Qxe7 10. Nxd5 exd5 11. Bd3 g6 12. dxc5 Nxc5 13. O-O Bd7 14. Rac1 Rac8 15. Qd2 b6 16. Be2 Rfd8 17. b4 Ne4 18. Qd4 Be8 19. a3 Rc7 20. Bd3 Nd6 21. Rxc7 Qxc7 22. Qxd5 Qc3 23. Qd4 Qxa3 24. Qf6 Rd7 25. Ne5 Qxb4 26. Nxd7 Bxd7 27. Qd8+ Be8 28. Rb1 Qc5 29. Bb5 Qf5 30. Rd1 Qxb5 31. Rxd6 Qe5 32. Rd5 Qe6 33. Rd6 Qe5 34. Rd7 Qa1+ 35. Rd1 Qe5 36. Qa8 a5 37. Qd8 Qb5 38. h4 a4 39. Rd6 Qb1+ 40. Kh2 Qe4 41. Rxb6 Qe5+ 42. g3 h6 43. Rb8 Kf8 44. Ra8 Qe4 45. Qc8 h5 46. Qb8 Qc6 47. Kg1 Qc1+ 48. Kg2 Qc6+ 49. Kh2 Ke7 50. Qb4+ Kf6 51. Qd4+ Ke7 52. Ra7+ Bd7 53. e4 Qb5 54. Kg2 Ke6 55. Qd5+ Qxd5 56. exd5+ Kd6 57. Kf3 Bf5 58. Ra5 Ke5 59. Ke3 Bc2 60. f4+ Kf5 61. Kd4 Bb3 62. d6+ Ke6 63. Kc5 1-0

[Event "ESP Team Ch"]
[Site "Cordoba ARG"]
[Date "1995.??.??"]
[Round "4"]
[White "Cramling, Pia"]
[Black "Campora, Daniel H"]
[Result "1/2-1/2"]
[WhiteElo "2520"]
[BlackElo "2525"]
[PlyCount "47"]
[EventDate "1995.??.??"]
[Source "www.chesslib.no"]
[SourceDate "2004.05.04"]

1. d4 d5 2. Nf3 Nf6 3. c4 e6 4. Nc3 Be7 5. Bg5 O-O 6. e3 Nbd7 7. Qc2 c5 8. cxd5 Nxd5 9. Nxd5 exd5 10. Bxe7 Qxe7 11. Bd3 g6 12. dxc5 Nxc5 13. O-O Bg4 14. Nd4 Rac8 15. Rac1 a6 16. Rfe1 Qf6 17. Qd2 Rfd8 18. Bc2 Ne6 19. f3 Nxd4 20. Qxd4 Qxd4 21. exd4 Be6 22. Bd3 Rxc1 23. Rxc1 Rc8 24. Rxc8+ 1/2-1/2

[Event "Smartchess.com 2nd"]
[Site "New York"]
[Date "2001.10.16"]
[Round "6"]
[White "Novikov, Igor A"]
[Black "Perelshteyn, Eugene"]
[Result "1/2-1/2"]
[WhiteElo "2593"]
[BlackElo "2436"]
[PlyCount "23"]
[EventDate "2001.10.07"]
[Source "ChessBase"]
[SourceDate "2001.02.01"]

1. d4 d5 2. c4 e6 3. Nf3 Nf6 4. Nc3 Be7 5. Bg5 O-O 6. e3 Nbd7 7. Qc2 c5 8. cxd5 cxd4 9. exd4 Nxd5 10. Bxe7 Nxe7 11. Bd3 Nf6 12. O-O 1/2-1/2

[Event "Las Palmas Open"]
[Site "Las Palmas ESP"]
[Date "1993.??.??"]
[Round "?"]
[White "Van Wely, Loek"]
[Black "Gomez Esteban, Juan M"]
[Result "1-0"]
[WhiteElo "2560"]
[BlackElo "2450"]
[PlyCount "69"]
[EventDate "1993.09.??"]
[Source "www.chesslib.no"]
[SourceDate "2004.05.04"]

1. d4 Nf6 2. c4 e6 3. Nf3 d5 4. Nc3 Be7 5. Bg5 O-O 6. e3 Nbd7 7. Qc2 c5 8. cxd5 Nxd5 9. Bxe7 Qxe7 10. Nxd5 exd5 11. Bd3 cxd4 12. Nxd4 Qb4+ 13. Ke2 h6 14. Rhc1 Ne5 15. Kf1 Bd7 16. a3 Qd6 17. Qc7 Qxc7 18. Rxc7 Nxd3 19. Rxd7 b6 20. b4 Rfd8 21. Rxd8+ Rxd8 22. Nc6 Rd7 23. Rd1 Nb2 24. Rxd5 Rxd5 25. Ne7+ Kf8 26. Nxd5 Ke8 27. Ke2 Kd7 28. e4 Kc6 29. Ne3 Kb5 30. f4 Ka4 31. e5 Kb3 32. f5 Na4 33. Kd3 Nc3 34. a4 Na2 35. Nd5 1-0

[Event "Ch Lithuania"]
[Site "Siauliai (Lithuania)"]
[Date "2007.05.05"]
[Round "2"]
[White "Zagorskis Darius (LTU)"]
[Black "Kveinys Aloyzas (LTU)"]
[Result "1/2-1/2"]
[WhiteElo "2463"]
[BlackElo "2546"]
[PlyCount "21"]
[EventDate "2007.??.??"]
[Source "www.chesslib.no"]
[SourceDate "2004.05.04"]

1. d4 Nf6 2. c4 e6 3. Nf3 d5 4. Nc3 Be7 5. Bg5 O-O 6. e3 Nbd7 7. Qc2 c5 8. cxd5 Nxd5 9. Bxe7 Qxe7 10. Nxd5 exd5 11. dxc5 1/2-1/2

[Event "XXIV ECC"]
[Site "Kallithea GRE"]
[Date "2008.10.22"]
[Round "6"]
[White "Pileckis, E."]
[Black "Kveinys, A."]
[Result "1/2-1/2"]
[WhiteElo "2472"]
[BlackElo "2533"]
[PlyCount "62"]
[EventDate "2008.10.17"]
[Source "www.chesslib.no"]
[SourceDate "2004.05.04"]

1. Nf3 Nf6 2. c4 e6 3. Nc3 d5 4. d4 Nbd7 5. Bg5 Be7 6. e3 O-O 7. Qc2 c5 8. cxd5 Nxd5 9. Bxe7 Qxe7 10. Nxd5 exd5 11. Bd3 g6 12. dxc5 Nxc5 13. O-O Be6 14. Nd4 Rac8 15. Rac1 Ne4 16. Qa4 a6 17. a3 Nd2 18. Rfd1 Nc4 19. Bxc4 dxc4 20. Nxe6 Qxe6 21. Qb4 b5 22. Rd6 a5 23. Qd2 Qe7 24. Rd1 Qa7 25. h4 c3 26. bxc3 Qc5 27. h5 Qxh5 28. Rd5 Qh4 29. Qd4 Qe7 30. a4 bxa4 31. Rxa5 Qc7 1/2-1/2

[Event "RUS-ch Armed Forces"]
[Site "Sevastopol"]
[Date "1997.??.??"]
[Round "5"]
[White "Kiselev, Sergey"]
[Black "Kharitonov, Andrei Y"]
[Result "1/2-1/2"]
[WhiteElo "2485"]
[BlackElo "2520"]
[PlyCount "27"]
[EventDate "1997.??.??"]
[Source "www.chesslib.no"]
[SourceDate "2004.05.04"]

1. d4 d5 2. c4 e6 3. Nc3 Be7 4. Nf3 Nf6 5. Bg5 O-O 6. e3 Nbd7 7. Qc2 c5 8. cxd5 cxd4 9. Nxd4 Nxd5 10. Bxe7 Nxe7 11. Be2 Nf6 12. O-O Bd7 13. Rfd1 Qb6 14. Rac1 1/2-1/2

[Event "Lugano Open"]
[Site "Lugano SUI"]
[Date "1988.??.??"]
[Round "?"]
[White "Bellon Lopez, Juan Manuel"]
[Black "Balashov, Yuri S"]
[Result "1/2-1/2"]
[WhiteElo "2445"]
[BlackElo "2555"]
[PlyCount "118"]
[EventDate "1988.03.??"]
[Source "www.chesslib.no"]
[SourceDate "2004.05.04"]

1. d4 d5 2. c4 e6 3. Nf3 Nf6 4. Nc3 Nbd7 5. Bg5 Be7 6. e3 O-O 7. Qc2 c5 8. cxd5 Nxd5 9. Nxd5 exd5 10. Bxe7 Qxe7 11. Be2 b6 12. O-O Bb7 13. b3 Rac8 14. dxc5 bxc5 15. Rac1 Nf6 16. Bd3 g6 17. Qb2 d4 18. Rfe1 Bxf3 19. gxf3 Nd5 20. Bc4 Qg5+ 21. Kh1 Rcd8 22. f4 Qh4 23. Qe2 Nf6 24. Qf3 Ng4 25. Qg3 Nxf2+ 26. Kg2 Qxg3+ 27. hxg3 d3 28. Kxf2 d2 29. Be2 Rfe8 30. Red1 dxc1=Q 31. Rxc1 Rd2 32. Rxc5 Rxa2 33. Kf3 h5 34. e4 Re7 35. Bc4 Kg7 36. e5 Rc2 37. Rd5 Rc3+ 38. Kg2 f6 39. e6 f5 40. Rd8 Rc1 41. Kf2 Rc3 42. Ra8 h4 43. gxh4 Rh3 44. Rd8 Rxh4 45. Ke3 Rh1 46. Rb8 Rd1 47. Ra8 Rd6 48. Rb8 Rexe6+ 49. Bxe6 Rxe6+ 50. Kf2 Rb6 51. Ra8 Rb7 52. b4 Kf6 53. Kg3 g5 54. fxg5+ Kxg5 55. b5 Kf6 56. Kf4 Ke6 57. Re8+ Kd5 58. Re5+ Kc4 59. Rxf5 Rxb5 1/2-1/2

[Event "Ciocaltea mem"]
[Site "Bucharest"]
[Date "1997.??.??"]
[Round "9"]
[White "Kiselev, Sergey"]
[Black "Notkin, Maksim"]
[Result "1/2-1/2"]
[WhiteElo "2485"]
[BlackElo "2515"]
[PlyCount "21"]
[EventDate "1997.03.??"]
[Source "ChessBase"]
[SourceDate "1997.10.13"]

1. d4 Nf6 2. c4 e6 3. Nf3 d5 4. Nc3 Be7 5. Bg5 O-O 6. e3 Nbd7 7. Qc2 c5 8. cxd5 Nxd5 9. Bxe7 Nxe7 10. Be2 cxd4 11. Nxd4 1/2-1/2

[Event "Salamanca"]
[Site "Salamanca"]
[Date "1991.??.??"]
[Round "8"]
[White "Vladimirov, Evgeny"]
[Black "Hoffman, Alejandro"]
[Result "1-0"]
[WhiteElo "2575"]
[BlackElo "2415"]
[PlyCount "59"]
[EventDate "1991.04.??"]
[Source "ChessBase"]

1. d4 d5 2. c4 e6 3. Nc3 Nf6 4. Bg5 Be7 5. e3 Nbd7 6. Nf3 O-O 7. Qc2 c5 8. cxd5 Nxd5 9. Bxe7 Qxe7 10. Nxd5 exd5 11. dxc5 Nxc5 12. Be2 Be6 13. O-O Rac8 14. Qd2 Ne4 15. Qd4 Qc5 16. Bd3 Qxd4 17. Nxd4 Nc5 18. Rfd1 a6 19. f3 g6 20. Bc2 Bd7 21. Rd2 Rc7 22. Ne2 Ba4 23. Nf4 Rd8 24. Rxd5 Rcc8 25. Rxc5 Rxc5 26. Bxa4 Rd2 27. Kf1 Ra5 28. Bb3 Rxb2 29. Rd1 Kf8 30. Nd3 1-0

[Event "Open"]
[Site "Vladimir"]
[Date "2004.08.22"]
[Round "5"]
[White "Shaposhnikov, Evgeny"]
[Black "Ziatdinov, Raset"]
[Result "1-0"]
[WhiteElo "2563"]
[BlackElo "2424"]
[PlyCount "85"]
[EventDate "2004.08.18"]
[Source "Roberto Alvarez"]
[SourceDate "2004.09.21"]

1. d4 d5 2. c4 e6 3. Nc3 Nf6 4. Bg5 Be7 5. e3 O-O 6. Nf3 Nbd7 7. Qc2 c5 8. cxd5 cxd4 9. Nxd4 Nxd5 10. Bxe7 Nxe7 11. Be2 Nf6 12. O-O Bd7 13. Qb3 Rb8 14. Qa3 a6 15. Rfd1 Ned5 16. Nxd5 Nxd5 17. Bf3 Nf6 18. Nb3 Qb6 19. Qc5 Qb5 20. Rac1 e5 21. g3 e4 22. Bg2 Rbc8 23. Qxb5 Bxb5 24. Nc5 Be2 25. Rd2 Bf3 26. Rdc2 Rfd8 27. h3 Rb8 28. g4 Rd5 29. Bxf3 exf3 30. Kh2 h5 31. Kg3 hxg4 32. hxg4 Rg5 33. Rc4 b5 34. Rd4 Rc8 35. Nd3 Rxc1 36. Nxc1 Rc5 37. Nd3 Rc2 38. g5 Ne8 39. Kxf3 Nc7 40. Rd8+ Kh7 41. Rc8 f6 42. Nf4 Rc5 43. g6+ 1-0

[Event "Groningen Open"]
[Site "Groningen NED"]
[Date "1994.??.??"]
[Round "3"]
[White "Zoler, Dan"]
[Black "Milos, Gilberto"]
[Result "1/2-1/2"]
[WhiteElo "2420"]
[BlackElo "2565"]
[PlyCount "39"]
[EventDate "1994.12.??"]
[Source "www.chesslib.no"]
[SourceDate "2004.05.04"]

1. d4 Nf6 2. c4 e6 3. Nf3 d5 4. Nc3 Be7 5. Bg5 O-O 6. e3 Nbd7 7. Qc2 c5 8. cxd5 Nxd5 9. Bxe7 Qxe7 10. Nxd5 exd5 11. Bd3 g6 12. dxc5 Nxc5 13. O-O Bd7 14. Rac1 Rac8 15. Qd2 Qf6 16. Bb1 Rfd8 17. Qd4 Qxd4 18. Nxd4 Kf8 19. Rc2 Ke7 20. f3 1/2-1/2

[Event "Toth Memorial 5th"]
[Site "Kecskement"]
[Date "1975.??.??"]
[Round "?"]
[White "Kholmov, Ratmir D"]
[Black "Barczay, Laszlo"]
[Result "1/2-1/2"]
[WhiteElo "2540"]
[BlackElo "2445"]
[PlyCount "83"]
[EventDate "1975.05.??"]
[Source "www.chesslib.no"]
[SourceDate "2004.05.04"]

1. d4 Nf6 2. Nf3 e6 3. c4 d5 4. Nc3 Be7 5. Bg5 Nbd7 6. e3 O-O 7. Qc2 c5 8. cxd5 exd5 9. dxc5 Nxc5 10. Bd3 h6 11. Bh4 Be6 12. Nd4 Rc8 13. O-O Nfe4 14. Bxe7 Qxe7 15. Rac1 a6 16. a3 Qd7 17. Rfd1 Nxc3 18. Qxc3 Ne4 19. Qe1 Rxc1 20. Rxc1 Rc8 21. Qd1 Nd6 22. h3 Nc4 23. Rc2 Ne5 24. Be2 Rxc2 25. Qxc2 Nc4 26. a4 Nd6 27. Bd3 Qc8 28. Qxc8+ Bxc8 29. a5 Kf8 30. Kf1 Ke7 31. Ke2 g5 32. Kd2 Ne4+ 33. Bxe4 dxe4 34. Kc3 Kd6 35. Nc2 Kd5 36. Na3 Bd7 37. Nc4 Bb5 38. Nb6+ Ke5 39. g3 h5 40. Nc4+ Kd5 41. Nb6+ Ke5 42. Nc4+ 1/2-1/2

[Event "SUI-chT"]
[Site "SUI"]
[Date "1995.??.??"]
[Round "8"]
[White "Kelecevic, Nedeljko"]
[Black "Campora, Daniel Hugo"]
[Result "1/2-1/2"]
[WhiteElo "2435"]
[BlackElo "2550"]
[PlyCount "44"]
[EventDate "1995.??.??"]
[Source "ChessBase"]

1. d4 d5 2. Nf3 Nf6 3. c4 e6 4. Nc3 Be7 5. Bg5 O-O 6. e3 Nbd7 7. Qc2 c5 8. cxd5 cxd4 9. Nxd4 Nxd5 10. Bxe7 Nxe7 11. Be2 Nf6 12. O-O Bd7 13. Rfd1 Qb6 14. Qb3 Qxb3 15. Nxb3 Rfc8 16. Rac1 Kf8 17. Bf3 Rab8 18. Ne4 Rxc1 19. Rxc1 Nxe4 20. Bxe4 Bc6 21. Bxc6 Nxc6 22. Kf1 Ke7 1/2-1/2

[Event "Alma-Ata"]
[Site "Alma Ata KAZ"]
[Date "1989.??.??"]
[Round "10"]
[White "Rashkovsky, Nukhim N"]
[Black "Murugan, Krishnamoorthy"]
[Result "1/2-1/2"]
[WhiteElo "2520"]
[BlackElo "2460"]
[PlyCount "101"]
[EventDate "1989.06.??"]
[Source "www.chesslib.no"]
[SourceDate "2004.05.04"]

1. d4 d5 2. c4 e6 3. Nf3 Nf6 4. Nc3 Be7 5. Bg5 O-O 6. Qc2 Nbd7 7. e3 c5 8. cxd5 Nxd5 9. Bxe7 Qxe7 10. Nxd5 exd5 11. dxc5 Nxc5 12. Be2 Bg4 13. O-O Rac8 14. Rac1 a6 15. h3 Be6 16. Qd2 Ne4 17. Qa5 Rc5 18. Rxc5 Qxc5 19. Qxc5 Nxc5 20. Nd4 Rc8 21. Rd1 Na4 22. Kh2 Kf8 23. g4 Ke7 24. g5 Rc7 25. Rd2 Nc5 26. Bf3 Ne4 27. Bxe4 dxe4 28. a3 f6 29. gxf6+ Kxf6 30. h4 Ke5 31. Kg3 Bd5 32. Rd1 g6 33. Rg1 h6 34. Kh2 Kf6 35. Kg2 Ke5 36. Rd1 Be6 37. Kg3 Bf5 38. b4 Rc3 39. a4 Rc4 40. Rb1 Bd7 41. a5 Bb5 42. Rb2 g5 43. hxg5 hxg5 44. Rb1 Bd7 45. Rb2 Rc1 46. b5 axb5 47. Nxb5 Rg1+ 48. Kh2 Ra1 49. Nd4 Bc6 50. Rb6 Kd6 51. Nxc6 1/2-1/2

[Event "URS-FL"]
[Site "Sverdlovsk"]
[Date "1987.??.??"]
[Round "?"]
[White "Dokhoian, Yury R"]
[Black "Kharitonov, Andrei Y"]
[Result "1/2-1/2"]
[WhiteElo "2530"]
[BlackElo "2450"]
[PlyCount "31"]
[EventDate "1987.11.??"]
[Source "www.chesslib.no"]
[SourceDate "2004.05.04"]

1. d4 Nf6 2. c4 e6 3. Nf3 d5 4. Nc3 Be7 5. Bg5 O-O 6. e3 Nbd7 7. Qc2 c5 8. cxd5 cxd4 9. Nxd4 Nxd5 10. Bxe7 Nxe7 11. Be2 Nf6 12. O-O Bd7 13. Bf3 e5 14. Ndb5 Qb6 15. Qb3 Be6 16. Qa3 1/2-1/2